000 00352 a2200121 4500
005 20250602115748.0
020 _a9987-694-19-05
100 _aSATTA, T.A
245 _aAdvanced International Trade Finance
260 _aDar es Salaam
_bThe Tanzania Institute of Bankers
_c2009
300 _avi, 246p.: ill; tables
_bBibliography
_c25.2 cm
942 _2ddc
_cBKS
999 _c3008
_d3008